000 01605cam a22003974a 4500
001 13507200
003 OSt
005 20211119161123.0
008 040301s2004 gw a b 001 0 eng
010 _a 2004103117
020 _a3540210962 (pbk. : alk. paper)
035 _a(DLC) 2004103117
038 _aKhadija
040 _aDLC
_cDLC
_dDLC
041 1 _aeng
_hjpn
042 _apcc
050 0 0 _aTJ163.12
_b.N35 2004
082 _a629.89
_bNAK
100 1 _aNakamura, M.
_q(Masatoshi),
_d1943-
_984685
245 1 0 _aMechatronic Servo System Control :
_bProblems in Industries and their Theoretical Solutions /
_cM. Nakamura, S. Goto, N. Kyura ; translated by Tao Zhang.
260 _aBerlin ;
_aNew York :
_bSpringer,
_cc2004.
300 _axvi, 196 p. :
_bill. ;
_c24 cm.
440 0 _aLecture notes in control and information sciences ;
_v300
_984686
504 _aIncludes bibliographical references and index.
563 _aPB
650 0 _aMechatronics.
_984687
650 0 _aManufacturing processes
_xAutomation.
_984688
650 0 _aServomechanisms.
_984689
700 1 _aGotō, S.
_q(Satoru)
_984690
700 1 _aKyūra, N.
_q(Nobuhiro)
_984691
856 4 2 _3Publisher description
_uhttp://www.loc.gov/catdir/enhancements/fy0813/2004103117-d.html
856 4 1 _3Table of contents only
_uhttp://www.loc.gov/catdir/enhancements/fy0813/2004103117-t.html
906 _a7
_bcbc
_corignew
_d2
_eepcn
_f20
_gy-gencatlg
942 _2ddc
_cBK
999 _c31936
_d31936